| 000 | 00415nam a2200169Ia 4500 | ||
|---|---|---|---|
| 003 | OSt | ||
| 005 | 20231004163633.0 | ||
| 008 | 230406s9999 xx 000 0 und d | ||
| 020 | _a9781781256466 | ||
| 082 |
_a306.5 _bROBI |
||
| 100 | _aROBERTS, Adam | ||
| 245 | 0 | _aIndia Superfast Primetime Ultimate Nation | |
| 260 |
_aLondon _bProfile Books _c2018 |
||
| 300 | _a313p | ||
| 650 | _aTravel-India | ||
| 942 |
_cBK _2ddc |
||
| 999 |
_c1653 _d1653 |
||